Input cost and competitiveness of some products of the foodstuff processing industry in Hochiminh city

Na minha lista:
Detalhes bibliográficos
Autor principal: Institute for economic research of Hochiminh city
Formato: Livro
Idioma:Undetermined
Publicado em: Statistical 2002
Assuntos:
Tags: Adicionar Tag
Sem tags, seja o primeiro a adicionar uma tag!
Thư viện lưu trữ: Trung tâm Học liệu Trường Đại học Cần Thơ
LEADER 00521nam a2200145Ia 4500
001 CTU_52875
008 210402s9999 xx 000 0 und d
082 |a 338.47'664 
082 |b I.59 
100 |a Institute for economic research of Hochiminh city 
245 0 |a Input cost and competitiveness of some products of the foodstuff processing industry in Hochiminh city 
260 |b Statistical 
260 |c 2002 
650 |a food processing by - products industry 
980 |a Trung tâm Học liệu Trường Đại học Cần Thơ